NODDY AND THE MAGIC RUBBER (Record no. 67)
[ view plain ]
| 000 -LEADER | |
|---|---|
| fixed length control field | 00306nam a22001337a 4500 |
| 020 ## - INTERNATIONAL STANDARD BOOK NUMBER | |
| ISBN | 81-2860422-8 |
| 082 ## - DEWEY DECIMAL CLASSIFICATION NUMBER | |
| Classification number | 823 |
| Item number | BLY/N |
| 100 ## - MAIN ENTRY--AUTHOR NAME | |
| Personal name | ENID BLYTON |
| 245 ## - TITLE STATEMENT | |
| Title | NODDY AND THE MAGIC RUBBER |
| 260 ## - PUBLICATION, DISTRIBUTION, ETC. (IMPRINT) | |
| Place of publication | MUMBAI |
| Name of publisher | EURO BOOKS |
| 300 ## - PHYSICAL DESCRIPTION | |
| Number of Pages | 60 |
| 650 ## - SUBJECT ADDED ENTRY--TOPICAL TERM | |
| Topical Term | CHILDRENS STORY BOOKS |
| Form subdivision | ORIGINAL CLASSICS |
| 942 ## - ADDED ENTRY ELEMENTS (KOHA) | |
| Koha item type | Books |
| Withdrawn status | Lost status | Collection code | Home library | Current library | Shelving location | Date acquired | Full call number | Accession Number | Koha item type |
|---|---|---|---|---|---|---|---|---|---|
| Fiction | Main Library | Main Library | SHELF-12C-ENID BLYTON | 05/03/2012 | 823 BLY/N | 06256 | Books |